[Event "Bengaluru Karnataka op"]
[Site "Bengaluru"]
[Date "2023.05.28"]
[Round "5"]
[White "Aaditya, Ranjan Sahu"]
[Black "Parthasarathy, R1."]
[Result "1/2-1/2"]
[WhiteElo "1403"]
[BlackElo "1345"]
[PlyCount "40"]
[EventDate "2023.05.26"]
[EventType "swiss"]
[EventRounds "9"]
[EventCountry "IND"]
[SourceTitle "CBM 214 Extra"]
[Source "ChessBase"]
[SourceDate "2023.07.31"]
[SourceVersion "1"]
[SourceVersionDate "2023.07.31"]
[SourceQuality "1"]

1. e4 e5 2. Nf3 Nc6 3. d4 exd4 4. Bc4 d6 5. Nxd4 Nf6 6. Nc3 Be7 7. h3 0-0 8. 0-0 Ne5 9. Be2 Re8 10. Be3 Bf8 11. f4 Ned7 12. Bd3 Nc5 13. Qf3 Nxd3 14. cxd3 c5 15. Nc2 Bd7 16. g4 c4 17. Bd4 cxd3 18. Qxd3 Bc6 19. Rae1 Nd7 20. b4 b6 1/2-1/2